[Event "Veteranos Aragón 2015"]
[Site ""]
[Date "2015.05.23"]
[Round "6.20"]
[White "Requeno Otin Juan José"]
[Black "Pinilla Alvarez José Carlos"]
[Result "1/2-1/2"]
[WhiteElo "1446"]
[BlackElo "1187"]

1.d4 c5 2.c3 e6 3.Nf3 cxd4 4.cxd4 g6 5.Bg5 Qa5+ 6.Nbd2 Nc6 7.Bf4 Bg7 8.e3 Nf6
9.h3 Ne4 10.Be2 Nxd2 11.Nxd2 Qb4 12.Rb1 O-O 13.O-O e5 14.a3 Qd6 15.Nc4 Qc7 16.
dxe5 Nxe5 17.Nxe5 Bxe5 18.Bxe5 Qxe5 19.Bg4 d5 20.Bf3 Rd8 21.Qb3 b6 22.Rfd1 Be6
23.Rd4 Qg5 24.Rbd1 Bxh3 25.Rxd5 Bf5 26.Rxd8+ Rxd8 27.Rxd8+ Qxd8 28.Bd5 Qd7 29.
e4 Be6 30.Bxe6 fxe6 31.f3 1/2-1/2

[Event "Veteranos Aragón 2015"]
[Site ""]
[Date "2015.05.23"]
[Round "6.21"]
[White "Figuer Montero Fernando"]
[Black "Arduna Domingo Carmen"]
[Result "1-0"]
[WhiteElo "1845"]
[BlackElo "1500"]

1.d4 e6 2.Nf3 Nf6 3.a3 d6 4.h3 Be7 5.Bf4 Nh5 6.Bh2 b6 7.e3 Bb7 8.Be2 Nd7 9.O-O
O-O 10.c4 e5 11.d5 c6 12.e4 a6 13.b3 b5 14.Nbd2 Nf4 15.Bxf4 exf4 16.Nd4 Ne5
17.N2f3 c5 18.Nc2 Nxf3+ 19.Bxf3 bxc4 20.bxc4 a5 21.Rb1 Ba6 22.Be2 Bg5 23.Bd3
Qf6 24.Ne1 Rab8 25.Nf3 h6 26.Qc2 g6 27.Rfc1 Qe7 28.Nxg5 Qxg5 29.f3 Kg7 30.Rb3
Qd8 31.Rcb1 Qc7 32.Qb2+ Kg8 33.Kf2 a4 34.Rxb8 Rxb8 35.Qxb8+ Qxb8 36.Rxb8+ Kg7
37.Rb6 Bc8 38.Rxd6 h5 39.e5 Kh6 40.Rc6 Bd7 41.Rxc5 g5 42.Rc7 Be8 43.Re7 1-0

[Event "Veteranos Aragón 2015"]
[Site ""]
[Date "2015.05.23"]
[Round "6.22"]
[White "Fuster Aparicio Miguel"]
[Black "Franco Tejero Luis"]
[Result "1-0"]
[WhiteElo "1500"]
[BlackElo "1500"]

1.e4 e5 2.Bc4 Nc6 3.d3 Bc5 4.Nf3 h6 5.a3 a6 6.Nc3 Nge7 7.Nh4 d6 8.Qf3 O-O 9.g3
Nd4 10.Qd1 Be6 11.Nd5 c6 12.Nxe7+ Qxe7 13.O-O Bxc4 14.dxc4 Ne6 15.Nf5 Nd4 16.
Nxe7+ Kh8 17.b4 Ba7 18.c3 Ne6 19.Qxd6 Rad8 20.Qxe5 Bb8 21.Ng6+ Kh7 22.Nxf8+
Rxf8 23.Qf5+ g6 24.Qh3 h5 25.Be3 Be5 26.Bc5 Re8 27.Rad1 Ng5 28.Qd7 Rb8 29.f4
Nh3+ 30.Qxh3 Bxc3 31.Rd7 b6 32.Rxf7+ Bg7 33.Bd4 1-0

[Event "Veteranos Aragón 2015"]
[Site ""]
[Date "2015.05.30"]
[Round "7.1"]
[White "Garcia Estruch Jorge"]
[Black "Roche Simon Manuel Angel"]
[Result "0-1"]
[WhiteElo "1819"]
[BlackElo "2144"]

1.e4 c5 2.Nf3 Nc6 3.b3 d6 4.a3 Nf6 5.Nc3 g6 6.Bc4 Bg7 7.Rb1 O-O 8.O-O a6 9.a4
Rb8 10.Qe2 Nd7 11.Nd5 e6 12.Ne3 Nd4 13.Qd1 b5 14.axb5 axb5 15.Be2 Bb7 16.d3
Nxe2+ 17.Qxe2 d5 18.exd5 exd5 19.c4 bxc4 20.bxc4 d4 21.Ng4 Bxf3 22.Rxb8 Bxe2
23.Rxd8 Rxd8 0-1

[Event "Veteranos Aragón 2015"]
[Site ""]
[Date "2015.05.30"]
[Round "7.2"]
[White "Marín Fuertes Angel Maria"]
[Black "Palomar Ramón Santiago"]
[Result "1-0"]
[WhiteElo "1838"]
[BlackElo "1952"]

1.e4 e6 2.d4 d5 3.Nc3 Nc6 4.Nf3 Nf6 5.e5 Ne4 6.Nxe4 dxe4 7.Ng5 Qxd4 8.Qxd4
Nxd4 9.Kd1 Bd7 10.Nxe4 Bc6 11.Bd3 O-O-O 12.Bg5 f6 13.exf6 Bxe4 14.fxg7 Bxg7
15.Bxe4 Nb5+ 16.Bxd8 Rxd8+ 17.Kc1 Bh6+ 18.Kb1 Rd4 19.Bd3 Nd6 20.a3 c5 21.Ka2
Kc7 22.Rhe1 c4 23.Bxh7 Bd2 24.Rxe6 Rh4 25.Rd1 c3 26.bxc3 Nc4 27.Bd3 Bxc3 28.
Bxc4 Rxc4 29.Kb3 b5 30.Rd3 Bh8 31.Rh3 Kd7 32.Ra6 Bd4 33.Rh7+ Ke8 34.Rh3 Bxf2
35.a4 Rg4 36.g3 Re4 37.axb5 Bc5 38.Ra4 Re2 39.Rc4 Bg1 40.Rh7 Kd8 41.Rg4 Re3+
42.c3 Re8 43.Rgh4 Re1 44.Rb7 Kc8 45.Rg7 Re8 46.Rc4+ Kb8 47.h4 Re5 48.Rg5 Re8
49.h5 Be3 50.Rf5 1-0

[Event "Veteranos Aragón 2015"]
[Site ""]
[Date "2015.05.30"]
[Round "7.3"]
[White "Ocabo Vera Pedro Aristides"]
[Black "Gonzalez Felez José Julián"]
[Result "0-1"]
[WhiteElo "1777"]
[BlackElo "1945"]

1.e4 c5 2.Nf3 e6 3.d3 Nc6 4.g3 d5 5.Nbd2 dxe4 6.dxe4 Nf6 7.Bg2 e5 8.O-O Be7 9.
Re1 Bg4 10.h3 Bh5 11.c3 Qc7 12.Qc2 O-O 13.Nf1 Bg6 14.Nh4 Rae8 15.Ne3 Na5 16.
Nhf5 c4 17.Qe2 Bc5 18.g4 h6 19.h4 Qc8 20.Bh3 Qc6 21.Ng2 b5 22.Be3 Nxe4 23.Bxc5
Nxc5 24.Nge3 Nd3 25.Bg2 Qe6 26.Rf1 Nf4 27.Qf3 Rd8 28.b4 cxb3 29.axb3 Nxb3 30.
Rfd1 Nxa1 31.Rxa1 Qb6 32.h5 Bxf5 33.Nxf5 Rd2 34.Rf1 Rfd8 35.g5 hxg5 36.Qg4 Qf6
37.Be4 Kf8 38.Ra1 Re2 39.Bf3 Rc2 40.Rxa7 Qb6 41.Ne3 Rc1+ 0-1

[Event "Veteranos Aragón 2015"]
[Site ""]
[Date "2015.05.30"]
[Round "7.4"]
[White "Arteaga Jimenez Francisco"]
[Black "Vasilev Vas"]
[Result "1/2-1/2"]
[WhiteElo "1572"]
[BlackElo "1943"]

1.d4 f5 2.Nf3 Nf6 3.Nc3 e6 4.Bg5 d5 5.e3 Be7 6.Bd3 O-O 7.Ne5 c5 8.O-O Nc6 9.
Be2 a6 10.f4 Bd7 11.Bf3 b5 12.Ne2 Ra7 13.c3 Qb6 14.Qd2 Rc8 15.Kh1 Be8 16.h3
Ne4 17.Bxe4 dxe4 18.Bxe7 Rxe7 19.Rad1 Nxe5 20.fxe5 cxd4 21.exd4 Rd8 22.Qg5 Qc7
23.h4 h6 24.Qg3 Bh5 25.Rde1 Bxe2 26.Rxe2 Qc4 27.Rff2 Qxa2 28.Re3 Qd5 29.Qf4
Rf7 30.Rg3 Kf8 31.Re3 Rdd7 1/2-1/2

[Event "Veteranos Aragón 2015"]
[Site ""]
[Date "2015.05.30"]
[Round "7.5"]
[White "Royo Onde Manuel"]
[Black "Navarro Castan Jesús"]
[Result "0-1"]
[WhiteElo "1817"]
[BlackElo "1862"]

1.d4 Nf6 2.c4 c5 3.d5 b5 4.cxb5 a6 5.bxa6 Bxa6 6.Nc3 g6 7.e4 Bxf1 8.Kxf1 d6 9.
Nf3 Bg7 10.g3 O-O 11.Kg2 Nbd7 12.Re1 Ng4 13.h3 Nge5 14.Nxe5 Nxe5 15.f4 Nd7 16.
Qc2 Qb6 17.Bd2 Rfb8 18.Rab1 Qa6 19.a3 Qc4 20.b3 Qa6 21.a4 c4 22.bxc4 Qxc4 23.
Rxb8+ Rxb8 24.Rc1 Nc5 25.Be3 Rb3 26.Nd1 Qxa4 27.Bxc5 dxc5 28.e5 Qa3 29.Kh1
Rxg3 30.Nc3 Rxh3+ 31.Kg2 0-1

[Event "Veteranos Aragón 2015"]
[Site ""]
[Date "2015.05.30"]
[Round "7.6"]
[White "Yañez Acin Gonzalo"]
[Black "Garcia Artal Obdulio"]
[Result "1-0"]
[WhiteElo "1737"]
[BlackElo "1599"]

1.e4 d6 2.d4 g6 3.c3 Bg7 4.f4 Nf6 5.e5 Bg4 6.Qb3 dxe5 7.fxe5 Be6 8.exf6 Bxb3
9.fxg7 Rg8 10.axb3 Rxg7 11.Nf3 Qd5 12.Bh6 Qxb3 13.Nbd2 Qe6+ 14.Ne5 Rg8 15.Bc4
Qf6 16.Bxf7+ Kd8 17.Bxg8 Nd7 18.Ndf3 Nxe5 19.dxe5 Qb6 20.O-O-O+ Kc8 21.Bg5 c5
22.Bxe7 Kc7 23.Bd6+ Kc6 24.Bd5+ Kb5 25.Rhe1 Qa5 26.e6 c4 27.e7 Qa1+ 28.Kc2
Qa4+ 29.Kb1 1-0

[Event "Veteranos Aragón 2015"]
[Site ""]
[Date "2015.05.30"]
[Round "7.7"]
[White "Lorente Latorre Antonio"]
[Black "Sarto Ramos Angel"]
[Result "0-1"]
[WhiteElo "1627"]
[BlackElo "1967"]

1.e4 g6 2.d4 d6 3.Nf3 Bg7 4.Nc3 c6 5.Be3 Nf6 6.Qd2 Qa5 7.Bc4 O-O 8.O-O-O b5 9.
Bb3 b4 10.Na4 Nxe4 11.Qe2 Ba6 12.Qe1 Bb5 13.Ng5 Nxg5 14.Bxg5 Bxa4 15.Bxa4
Qxg5+ 16.Kb1 Qa5 17.Bb3 Qc7 18.Qxb4 a5 19.Qc4 d5 20.Qa4 Nd7 21.c3 Rfb8 22.Rde1
e6 0-1

[Event "Veteranos Aragón 2015"]
[Site ""]
[Date "2015.05.30"]
[Round "7.8"]
[White "Lluciá Marco Luis"]
[Black "Gimeno Royo José Andrés"]
[Result "0-1"]
[WhiteElo "1637"]
[BlackElo "1714"]

1.e4 d5 2.exd5 Nf6 3.Nf3 Nxd5 4.c4 Nb6 5.Nc3 Bg4 6.h3 Bh5 7.b3 e6 8.Be2 Be7 9.
O-O O-O 10.d4 Bf6 11.Be3 Nc6 12.g4 Bg6 13.Rc1 Re8 14.g5 Be7 15.h4 Qc8 16.Bd3
e5 17.Bxg6 Qg4+ 18.Kh1 hxg6 19.Rg1 Qh3+ 20.Nh2 exd4 21.Bxd4 Rad8 22.Rg4 Bd6
23.f4 Nxd4 24.Qxd4 Ba3 0-1

[Event "Veteranos Aragón 2015"]
[Site ""]
[Date "2015.05.30"]
[Round "7.9"]
[White "Sanz Navarro Alberto"]
[Black "Orti Stock Carlos"]
[Result "0-1"]
[WhiteElo "1576"]
[BlackElo "1925"]

1.e4 e5 2.f4 exf4 3.Bc4 Be7 4.Nf3 Nf6 5.Nc3 Nxe4 6.Nxe4 d5 7.Bxd5 Qxd5 8.Nc3
Qh5 9.O-O O-O 10.d4 Bd6 11.Ne4 Qd5 12.Nxd6 Qxd6 13.c4 Nc6 14.d5 Ne7 15.Qd4 Ng6
16.c5 Qd8 17.Bd2 Bd7 18.Bc3 f6 19.Qc4 Kh8 20.Nd4 Ne5 21.Qb3 Qe7 22.Rad1 Rfe8
23.Bb4 a5 24.Ba3 Qd8 25.Rxf4 Rb8 26.Rh4 Ng6 27.Ne6 Bxe6 28.dxe6 Qc8 29.Rhd4
Ne5 30.Qh3 Qxe6 31.Qxe6 Rxe6 32.Rd8+ Re8 33.Rxb8 Rxb8 34.b4 Nc4 35.Bc1 axb4
36.Rd4 Ne5 37.Bf4 h6 38.Bxe5 fxe5 39.Rxb4 Kg8 40.Kf2 Kf7 41.Ke3 b6 42.cxb6
Rxb6 43.a3 Rxb4 44.axb4 Ke6 45.Ke4 c6 46.h3 g6 47.g3 Kd6 48.g4 Ke6 49.h4 Kf6
50.g5+ hxg5 51.hxg5+ Ke6 52.Kd3 Kd5 53.Ke3 e4 54.Ke2 Kd4 55.Kd2 e3+ 56.Ke2 Ke4
57.Ke1 Kd3 58.Kd1 Kc3 59.Ke2 Kxb4 60.Kxe3 Kc3 61.Ke4 c5 62.Ke5 Kd3 63.Kf6 c4
64.Kxg6 c3 65.Kh7 c2 66.g6 c1=Q 67.g7 Qh1+ 68.Kg6 Qg2+ 69.Kf7 Qf3+ 70.Ke7 Qe4+
71.Kf7 Qf5+ 72.Ke7 Qg6 73.Kf8 Qf6+ 74.Kg8 Ke4 75.Kh7 Qf7 76.Kh8 Qh5+ 77.Kg8
Ke5 78.Kf8 Qf5+ 79.Ke8 Kf6 80.g8=Q Qc8# 0-1

[Event "Veteranos Aragón 2015"]
[Site ""]
[Date "2015.05.30"]
[Round "7.10"]
[White "Latorre Bueno Francisco"]
[Black "Edeso Perez Francisco"]
[Result "1/2-1/2"]
[WhiteElo "1548"]
[BlackElo "1785"]

1.d4 e6 2.a3 d5 3.e3 c5 4.Nf3 Nc6 5.Bb5 Bd7 6.O-O Nf6 7.Bxc6 Bxc6 8.Ne5 Be7 9.
f4 O-O 10.c3 Rc8 11.Nd2 b5 12.Rf3 Bb7 13.Rh3 g6 14.Ng4 Nxg4 15.Qxg4 f5 16.Qg3
a5 17.Nf3 Bf6 18.Bd2 Kg7 19.Ng5 Bxg5 20.fxg5 Qc7 21.Qh4 Rh8 22.Be1 cxd4 23.Bg3
f4 24.Qxf4 Qxf4 25.Bxf4 dxc3 26.Be5+ Kg8 27.Bxc3 Rxc3 28.bxc3 Kg7 29.Rf1 Rc8
30.Rhf3 Rc7 31.Rf6 Bc8 32.h4 Ba6 33.g4 b4 34.cxb4 Bxf1 35.Kxf1 axb4 36.axb4
Rc6 37.Ke2 h6 38.Kd3 hxg5 39.hxg5 Rc4 40.Rf4 Rc1 41.b5 Rb1 42.Rf6 Rb3+ 43.Kd4
Rxb5 44.Rxe6 Rb4+ 45.Kxd5 Rxg4 46.Re5 Rg1 47.Kd6 Rd1+ 48.Rd5 Ra1 49.e4 Ra6+
50.Kc7 Ra7+ 51.Kb6 Re7 52.e5 Kf7 53.Kc6 Ke6 54.Ra5 Kf5 55.Kd6 Re6+ 56.Kd7 Rxe5
57.Ra1 Kxg5 58.Rg1+ Kf6 59.Kd6 Re4 60.Kd5 Re8 61.Kd4 g5 62.Rf1+ Kg6 63.Rg1 Rh8
64.Ke4 Ra8 65.Kf3 Kf5 66.Kg3 Ra3+ 67.Kg2 Kg4 68.Rf1 Ra2+ 69.Kh1 Kg3 70.Rg1+
Kh4 71.Rf1 g4 72.Kg1 Kh3 73.Rc1 g3 74.Kh1 Kg4 75.Kg1 Kf4 76.Rf1+ Kg4 77.Rc1
Rf2 78.Rc4+ Rf4 79.Rc2 Kh3 80.Rd2 Rb4 81.Rd1 Rb2 82.Rc1 Kg4 83.Rc4+ Kh3 84.Rc1
Rg2+ 85.Kh1 Rh2+ 86.Kg1 Re2 87.Rb1 Re3 88.Ra1 Kg4 89.Rc1 Kf3 90.Ra1 Rc3 91.Rb1
Rc2 92.Re1 Rf2 93.Ra1 Re2 94.Rb1 Ke3 95.Ra1 Kd3 96.Rd1+ Kc2 97.Ra1 Kb3 98.Rb1+
1/2-1/2

[Event "Veteranos Aragón 2015"]
[Site ""]
[Date "2015.05.30"]
[Round "7.11"]
[White "Pellicer Sancho Rafael José"]
[Black "Cervera Soler Ramón"]
[Result "1-0"]
[WhiteElo "1754"]
[BlackElo "1498"]

1.d4 d5 2.c4 c6 3.e3 Nf6 4.Nc3 Bf5 5.Nf3 h6 6.Be2 e6 7.O-O Be7 8.Bd2 Nbd7 9.
Rc1 Nb6 10.c5 Nbd7 11.b4 O-O 12.Be1 Qc7 13.h3 Ne4 14.Qb3 e5 15.dxe5 Nxe5 16.
Nd4 Nxc3 17.Bxc3 Bh7 18.Nf3 Bf6 19.Nd4 Bd3 20.Rfe1 Bxe2 21.Rxe2 Nc4 22.Nf3
Bxc3 23.Qxc3 f6 24.e4 Rae8 25.Rce1 Qf4 26.g3 Qb8 27.exd5 cxd5 28.Qd4 Rxe2 29.
Rxe2 Qd8 30.Nh4 Qd7 31.Ng6 Rd8 32.Kg2 Kh7 33.Nf4 Qf7 34.Rc2 f5 35.Rxc4 1-0

[Event "Veteranos Aragón 2015"]
[Site ""]
[Date "2015.05.30"]
[Round "7.12"]
[White "Lopez Carcas Jesús"]
[Black "Sanchez Valles José Maria"]
[Result "0-1"]
[WhiteElo "1430"]
[BlackElo "1752"]

1.e4 d5 2.exd5 Nf6 3.Nc3 c6 4.d4 Nxd5 5.Ne4 Bf5 6.Bd3 e6 7.a3 Nd7 8.Nf3 N7f6
9.Bg5 Be7 10.Nxf6+ Bxf6 11.Bxf6 Qxf6 12.Bxf5 Qxf5 13.c4 Nf4 14.O-O h5 15.h3
Rh6 16.Nh4 Qf6 17.Nf3 Rg6 18.g3 Qf5 19.Nh4 Qxh3 20.Qf3 Qxh4 21.Rae1 Qf6 22.Kh2
Nd5 23.Qxh5 Rh6 0-1

[Event "Veteranos Aragón 2015"]
[Site ""]
[Date "2015.05.30"]
[Round "7.13"]
[White "Ferruz Martinez Rafael"]
[Black "Samper Alarcon Julio Alfredo"]
[Result "0-1"]
[WhiteElo "1323"]
[BlackElo "1620"]

1.e4 c5 2.Nf3 d6 3.d4 cxd4 4.Nxd4 Nf6 5.Nc3 g6 6.h3 Bg7 7.Be3 O-O 8.Bd3 Nc6 9.
Nb3 a6 10.Qd2 Be6 11.O-O Rc8 12.f4 Nb4 13.f5 Bxb3 14.axb3 Nxd3 15.Qxd3 Qc7 16.
Ra4 Qc6 17.Rc4 Qe8 18.g4 Nd7 19.Rxc8 Qxc8 20.Nd5 Re8 21.fxg6 hxg6 22.Bd4 Bxd4+
23.Qxd4 Qxc2 24.b4 Ne5 25.Nf4 Qb3 26.Qf2 Qxb4 27.Nd5 Qxe4 28.Nf6+ exf6 29.Qxf6
Re6 30.Qf2 Qc4 31.Qb6 Qc5+ 32.Qxc5 dxc5 0-1

[Event "Veteranos Aragón 2015"]
[Site ""]
[Date "2015.05.30"]
[Round "7.14"]
[White "Ubeda Gimeno Angel"]
[Black "Requena Briones Rafael"]
[Result "0-1"]
[WhiteElo "1512"]
[BlackElo "1666"]

1.d4 Nf6 2.Nf3 d5 3.e3 g6 4.g3 Bg7 5.Bg2 O-O 6.O-O Re8 7.Nbd2 Nbd7 8.c4 c6 9.
b4 e5 10.dxe5 Nxe5 11.Nxe5 Rxe5 12.Bb2 Re8 13.cxd5 Nxd5 14.Bxg7 Kxg7 15.a3 a5
16.Bxd5 Qxd5 17.Nb3 Qe5 18.Nxa5 Bh3 19.Re1 Rad8 20.Qf3 Bc8 21.Rad1 Qc3 22.Ra1
Rd2 23.Rec1 Rc2 24.Qd1 Rxc1 25.Qxc1 Qe5 26.Qd1 Bg4 27.Qd4 Qxd4 28.exd4 Re7 29.
Kg2 Be6 30.Kg1 Bd5 31.Rc1 b5 32.f4 Re2 33.Nxc6 Rg2+ 34.Kf1 Rxh2 35.Ke1 Rh1+
36.Kd2 Rxc1 37.Kxc1 Bxc6 38.Kd2 f5 39.Ke3 h5 40.Kf2 Kf6 41.Ke3 Ke6 42.Kd3 Kd5
0-1

[Event "Veteranos Aragón 2015"]
[Site ""]
[Date "2015.05.30"]
[Round "7.15"]
[White "Navarro Rubio Rafael"]
[Black "Burillo Lazaro Amelia"]
[Result "1/2-1/2"]
[WhiteElo "1633"]
[BlackElo "1474"]

1.d4 g6 2.e4 Bg7 3.Bc4 c6 4.f4 d5 5.exd5 cxd5 6.Bd3 Nf6 7.h3 O-O 8.Nf3 Nc6 9.
c3 e6 10.O-O Qc7 11.Qc2 Nh5 12.Ne5 Ng3 13.Rf3 Nf5 14.Nd2 Nce7 15.Nf1 a6 16.Ng3
f6 17.Ng4 Nxg3 18.Rxg3 Nf5 19.Rf3 b5 20.Ne3 Nxe3 21.Bxe3 e5 22.fxe5 fxe5 23.
Rxf8+ Bxf8 24.dxe5 Qxe5 25.Bd4 Qg3 26.Bf2 Qg5 27.Kf1 Bb7 28.Re1 Bc6 29.Bd4
Qf4+ 30.Qf2 Qxf2+ 31.Kxf2 b4 32.Re6 Bb5 33.Ke2 bxc3 34.Bxc3 Rd8 35.Bxb5 axb5
36.Kd3 b4 37.Bd4 Bg7 38.Bxg7 Kxg7 39.Rb6 Ra8 40.Rxb4 Rxa2 41.Kd4 Ra5 42.Rb6
Kf7 43.g4 h6 44.b4 Ra3 45.Kxd5 Rxh3 46.Ke4 Rc3 47.b5 Rc4+ 48.Kf3 Rc3+ 49.Kg2
h5 50.gxh5 gxh5 51.Rb8 Rb3 52.b6 Ke7 53.b7 Kd7 1/2-1/2

[Event "Veteranos Aragón 2015"]
[Site ""]
[Date "2015.05.30"]
[Round "7.16"]
[White "Figuer Montero Fernando"]
[Black "Lera Perez José Carlos"]
[Result "0-1"]
[WhiteElo "1845"]
[BlackElo "1624"]

1.d4 d5 2.Nf3 e6 3.a3 c5 4.c3 Nc6 5.h3 Bd7 6.Bf4 Be7 7.e3 Nf6 8.Nbd2 O-O 9.Be2
cxd4 10.cxd4 Rc8 11.O-O Qb6 12.Qb3 Qxb3 13.Nxb3 Bd8 14.Rac1 Bc7 15.Bxc7 Rxc7
16.Bd3 Rfc8 17.Nc5 Ne7 18.b4 Be8 19.Nb3 Rc3 20.Rxc3 Rxc3 21.Nc5 b6 22.Bb1 bxc5
23.bxc5 Rxa3 24.Rc1 Nc6 25.Rc2 a5 26.Rb2 Nb4 27.Ne5 g6 28.g4 Nd7 29.Nf3 Nb8
30.Kg2 Bb5 31.Ne5 f6 32.Nf3 N8c6 33.Ne1 Bc4 34.Bc2 Ra2 35.Rxa2 Bxa2 36.Ba4 Bc4
37.f4 Kf7 38.Kf2 Ke7 39.Nf3 Kd7 40.g5 f5 41.h4 Kc7 42.Nd2 Nd3+ 43.Kg3 Nb2 44.
Bb3 a4 45.Bxc4 Nxc4 46.Kf2 Nxd2 0-1

[Event "Veteranos Aragón 2015"]
[Site ""]
[Date "2015.05.30"]
[Round "7.17"]
[White "Otal Bornau José Miguel"]
[Black "Perez Sirera José Maria"]
[Result "0-1"]
[WhiteElo "1552"]
[BlackElo "1563"]

1.e4 e6 2.d3 d5 3.Nd2 Nf6 4.Ngf3 b6 5.g3 Bb7 6.e5 Nfd7 7.d4 c5 8.c3 cxd4 9.
cxd4 Nc6 10.Bg2 Ba6 11.a3 Be7 12.b4 Bc4 13.Nxc4 dxc4 14.O-O b5 15.h4 O-O 16.
Ng5 Rc8 17.Re1 Nb6 18.Be3 Nd5 19.Bc1 Bxg5 20.Bxg5 Qd7 21.Qg4 f6 22.exf6 Nxf6
23.Qxe6+ Qxe6 24.Rxe6 Nxd4 25.Ra6 Ng4 26.Bh3 Ne2+ 27.Kf1 Rxf2+ 28.Ke1 Rcf8 29.
Ra2 Nxg3 30.Rxf2 Nxf2 31.Be6+ Kh8 32.Rxa7 Nfe4 33.Rf7 Rxf7 34.Bxf7 Nxg5 35.
hxg5 Ne4 36.g6 Nd6 37.Kd2 hxg6 38.Bxg6 Kg8 39.Kc3 Kf8 40.Kd4 Ke7 41.Ke5 Nf7+
42.Kd5 Nd6 43.Kc5 Kf6 44.Bc2 Ke5 45.a4 bxa4 46.Bxa4 c3 47.Bc2 g5 48.b5 g4 49.
Kb4 g3 50.Bd1 g2 51.Bf3 g1=Q 0-1

[Event "Veteranos Aragón 2015"]
[Site ""]
[Date "2015.05.30"]
[Round "7.18"]
[White "Fuster Aparicio Miguel"]
[Black "Lasierra Arceiz Javier"]
[Result "0-1"]
[WhiteElo "1500"]
[BlackElo "1524"]

1.e4 e5 2.Nf3 Nc6 3.Bc4 h6 4.d3 Bc5 5.Nc3 d6 6.h3 Nge7 7.Na4 Bb4+ 8.c3 Ba5 9.
O-O a6 10.b4 b5 11.Bb3 bxa4 12.Bxa4 Bb6 13.b5 axb5 14.Bxb5 O-O 15.Bc4 Na5 16.
Bb5 f5 17.Nh4 f4 18.d4 Nec6 19.Nf5 Bxf5 20.exf5 Rxf5 21.d5 Ne7 22.c4 Ng6 23.
Qg4 Rf6 24.Bd2 Qe7 25.Bxa5 Rxa5 26.Bd7 Qf8 27.Be6+ Kh7 28.Qf3 Bd4 29.Rab1 Rxa2
30.Rb7 Ra7 31.Rb3 Nh4 32.Qg4 Nxg2 33.Kh2 f3 34.Qe4+ Kh8 35.Bg4 Rf4 36.Qg6 Qf7
37.Rb8+ Qf8 38.Rxf8+ Rxf8 39.Kg3 Nf4 40.Qc2 Ra3 41.Rb1 Rc3 42.Qa4 Ne2+ 43.Kh2
Bxf2 44.Qc6 Bb6 45.Qd7 Rxc4 46.Qe7 Rcf4 47.Rf1 Nc3 48.Qe6 R4f6 49.Qd7 Nxd5 50.
Kg3 f2 51.Be6 Ne3 52.Rxf2 Rxf2 53.Qc6 Nf5+ 54.Kg4 Nd4 55.Qd5 Nxe6 56.Qxe6
R2f4+ 57.Kg3 R8f6 58.Qe8+ Kh7 59.Qc6 Rg6+ 60.Kh2 Rh4 61.Qc2 Bg1+ 62.Kh1 Rxh3+
0-1

[Event "Veteranos Aragón 2015"]
[Site ""]
[Date "2015.05.30"]
[Round "7.19"]
[White "Codina Escudero Juan"]
[Black "Lapuente Mercadal José Manuel"]
[Result "1-0"]
[WhiteElo "1451"]
[BlackElo "1543"]

1.d4 d5 2.c4 Nf6 3.Bg5 Bg4 4.Bxf6 exf6 5.Nc3 Bb4 6.Rc1 Nc6 7.a3 Be7 8.Nxd5 Bd6
9.Ne3 Bh5 10.g3 O-O 11.Nf5 Re8 12.Nxd6 Qxd6 13.d5 Ne5 14.Qc2 c6 15.e4 Rac8 16.
Be2 Bg6 17.Nf3 cxd5 18.c5 Bxe4 19.cxd6 Rxc2 20.Rxc2 Bxc2 21.O-O Ba4 22.Rc1 Bc6
23.Nd4 Rd8 24.f4 Rxd6 25.fxe5 fxe5 26.Nb5 Rd8 27.Nxa7 d4 28.Nxc6 bxc6 29.Bd3
Rc8 30.b4 g6 31.a4 f5 32.Kf2 e4 33.Ba6 Rb8 34.b5 cxb5 35.axb5 d3 36.Rc8+ Rxc8
37.Bxc8 d2 38.Ke2 e3 39.Be6+ Kf8 40.Bb3 Ke7 41.Kxe3 Kd6 42.Kxd2 Kc5 43.Bg8
Kxb5 44.Bxh7 g5 45.Bxf5 Kc6 46.Ke3 Kd6 47.Ke4 Ke7 48.Ke5 Kf7 49.Bg4 Kg6 50.Ke6
Kh6 51.Kf6 Kh7 52.Kxg5 Kg7 53.h4 Kh7 54.h5 Kg7 55.Bf5 Kh8 56.Kf6 Kg8 57.g4 Kh8
58.g5 Kg8 59.g6 Kh8 60.h6 Kg8 61.h7+ Kh8 62.g7# 1-0

[Event "Veteranos Aragón 2015"]
[Site ""]
[Date "2015.05.30"]
[Round "7.20"]
[White "Patap Ivan"]
[Black "Requeno Otin Juan José"]
[Result "1-0"]
[WhiteElo "1500"]
[BlackElo "1446"]

1.d4 d5 2.c4 c6 3.b4 a6 4.c5 b6 5.e3 e6 6.Nf3 Nf6 7.Ne5 Bb7 8.Nc3 Nbd7 9.f4
Be7 10.Bd3 O-O 11.Qc2 g6 12.Na4 b5 13.Nxd7 Nxd7 14.Nc3 a5 15.Ba3 f5 16.g3 Bf6
17.h4 axb4 18.Bxb4 h5 19.a3 Rf7 20.Qb3 Rh7 21.Rh2 Rh8 22.O-O-O Kg7 23.Nb1 Kf7
24.Nd2 Be7 25.Nf3 Qg8 26.Kb1 Nf6 27.Ne5+ Kg7 28.Rdd2 Ng4 29.Nxg4 hxg4 30.Rd1
Rh5 31.Ra2 Ra4 32.Bc2 Qa8 33.Kb2 Bxh4 34.gxh4 Rxh4 35.Raa1 Qh8 36.Qd3 Ra8 37.
Rd2 Ba6 38.Rg2 Rf8 39.Qe2 Kf6 40.Rf1 Rf7 41.Rff2 Rfh7 42.Bd3 R7h5 43.a4 Qb8
44.Rh2 Qb7 45.a5 Qh7 46.Rxh4 Rxh4 47.Be1 Qh5 48.Rg2 Rh3 49.Kb3 Rf3 50.Rg3 g5
51.fxg5+ Kxg5 52.Qxf3 Kf6 53.Qf2 Qe8 54.Kb4 Bc8 55.Rxg4 Qh5 56.Qh4+ Qxh4 57.
Bxh4+ 1-0

[Event "Veteranos Aragón 2015"]
[Site ""]
[Date "2015.05.30"]
[Round "7.21"]
[White "Pinilla Alvarez José Carlos"]
[Black "Miranda Cuartero Juan Carlos"]
[Result "0-1"]
[WhiteElo "1187"]
[BlackElo "1653"]

1.b4 b6 2.Bb2 Bb7 3.e3 d6 4.Nf3 e5 5.d3 Nf6 6.Be2 Nbd7 7.Nbd2 Be7 8.Nb3 h6 9.
h3 Nh7 10.e4 O-O 11.O-O f5 12.exf5 Rxf5 13.Nh2 Ng5 14.Bg4 Rf8 15.Bc1 Qe8 16.
Bh5 g6 17.Bg4 h5 18.Bxd7 Qxd7 19.Bxg5 Bxg5 20.Nf3 Bxf3 21.gxf3 Qxh3 22.Nd2 Bf4
23.Ne4 Qh2# 0-1

[Event "Veteranos Aragón 2015"]
[Site ""]
[Date "2015.06.06"]
[Round "8.1"]
[White "Roche Simon Manuel Angel"]
[Black "Navarro Castan Jesús"]
[Result "1-0"]
[WhiteElo "2144"]
[BlackElo "1862"]

1.e4 c5 2.Nf3 Nc6 3.d4 cxd4 4.Nxd4 Nf6 5.Nc3 e5 6.Ndb5 d6 7.Bg5 Be7 8.Bxf6
gxf6 9.Nd5 O-O 10.Nxe7+ Qxe7 11.Qxd6 Qxd6 12.Nxd6 Nd4 13.O-O-O Bg4 14.Rd2 Rab8
15.c3 Rfd8 16.cxd4 Rxd6 17.f3 Be6 18.d5 Bd7 19.g4 h5 20.Be2 Rc8+ 21.Kb1 Kg7
22.h4 Kh6 23.Rc2 Rg8 24.Rg1 f5 25.g5+ Kh7 26.Rc7 f6 27.Bb5 Rg7 28.Rxd7 Rdxd7
29.Bxd7 Rxd7 30.gxf6 Rf7 31.Rg7+ Rxg7 32.fxg7 Kxg7 33.exf5 Kf6 34.d6 Kf7 1-0

[Event "Veteranos Aragón 2015"]
[Site ""]
[Date "2015.06.06"]
[Round "8.2"]
[White "Gonzalez Felez José Julián"]
[Black "Marín Fuertes Angel Maria"]
[Result "1-0"]
[WhiteElo "1945"]
[BlackElo "1838"]

1.c4 Nf6 2.g3 e6 3.Bg2 d5 4.Nf3 Be7 5.b3 O-O 6.Bb2 c5 7.O-O Nc6 8.e3 b6 9.Nc3
Bb7 10.cxd5 Nxd5 11.Nxd5 exd5 12.d4 Bf6 13.Qd2 cxd4 14.Nxd4 Qd7 15.Rfd1 Ne7
16.a4 Rfd8 17.Rac1 Rac8 18.Nb5 Rxc1 19.Qxc1 Bxb2 20.Qxb2 a6 21.Nd4 Rc8 22.Qd2
Qc7 23.Bh3 Rd8 24.Rc1 Qd6 25.Qc3 g6 26.Qc7 Ba8 27.Qa7 Nc6 28.Nxc6 Bxc6 29.Qxb6
Be8 30.Qd4 Bd7 31.Bxd7 Qxd7 32.Rc5 Qf5 33.Qc3 Qb1+ 34.Kg2 Qe4+ 35.f3 Qe6 36.
Rc6 Qd7 37.b4 d4 38.exd4 Qxd4 39.Qxd4 Rxd4 40.Rxa6 Rxb4 41.h4 h5 42.Kf2 Kf8
43.Ra7 Kg7 44.a5 Kf6 45.a6 Ra4 46.Ke3 Ke6 47.Kd3 f5 48.Ra8 Kd7 49.a7 Kc7 50.
Rg8 Rxa7 51.Rg7+ Kb6 52.Rxa7 Kxa7 53.f4 Kb7 54.Kd4 Kc6 55.Ke5 Kd7 56.Kf6 Kd6
57.Kxg6 Ke6 58.Kxh5 1-0

[Event "Veteranos Aragón 2015"]
[Site ""]
[Date "2015.06.06"]
[Round "8.3"]
[White "Sarto Ramos Angel"]
[Black "Garcia Estruch Jorge"]
[Result "1-0"]
[WhiteElo "1967"]
[BlackElo "1819"]

1.d4 Nf6 2.Nc3 d5 3.Nf3 e6 4.Bg5 c5 5.e4 dxe4 6.Bxf6 Qxf6 7.Nxe4 Qf4 8.Bd3 c4
9.g3 Qc7 10.Be2 Be7 11.Ne5 b5 12.Nc3 Nd7 13.Bf3 Bb7 14.Nxb5 Qa5+ 15.Nc3 Nxe5
16.Bxb7 Rb8 17.Be4 Rxb2 18.O-O Qxc3 19.dxe5 O-O 20.Qe1 Qa3 21.Kg2 Bc5 22.Qe2
Rxa2 23.Rab1 Qc3 24.f4 Rd8 25.Rfd1 Rc8 26.Rb7 Bb6 27.Bxh7+ Kh8 28.Qh5 1-0

[Event "Veteranos Aragón 2015"]
[Site ""]
[Date "2015.06.06"]
[Round "8.4"]
[White "Palomar Ramon Santiago"]
[Black "Ocabo Vera Pedro Aristides"]
[Result "1-0"]
[WhiteElo "1952"]
[BlackElo "1777"]

1.e4 g6 2.d4 Bg7 3.Nf3 d6 4.h3 Nf6 5.Nc3 O-O 6.Be3 h6 7.Qd2 Kh7 8.g4 Ng8 9.
O-O-O a6 10.Bd3 b5 11.e5 b4 12.Ne4 a5 13.Ng3 Bb7 14.Be4 Bxe4 15.Nxe4 Nd7 16.e6
fxe6 17.Nfg5+ hxg5 18.h4 Ngf6 19.hxg5+ Kg8 20.gxf6 Nxf6 21.Ng5 Qd7 22.Qd3 a4
23.Qxg6 b3 24.Rh7 1-0

[Event "Veteranos Aragón 2015"]
[Site ""]
[Date "2015.06.06"]
[Round "8.5"]
[White "Vasilev Vas"]
[Black "Yañez Acin Gonzalo"]
[Result "1/2-1/2"]
[WhiteElo "1943"]
[BlackElo "1737"]

1.d4 Nf6 2.Nf3 d5 3.Bg5 Ne4 4.h4 c6 5.c3 Nd7 6.Nbd2 Ndf6 7.e3 Qb6 8.Qb3 Bf5 9.
Be2 Nxd2 10.Nxd2 Qxb3 11.axb3 Ne4 12.Nxe4 Bxe4 13.f3 Bf5 14.b4 a6 1/2-1/2

[Event "Veteranos Aragón 2015"]
[Site ""]
[Date "2015.06.06"]
[Round "8.6"]
[White "Sanchez Valles José Maria"]
[Black "Arteaga Jimenez Francisco"]
[Result "1-0"]
[WhiteElo "1752"]
[BlackElo "1572"]

1.e4 d6 2.Bc4 Nf6 3.Nc3 Nbd7 4.f4 e5 5.d4 Be7 6.Nf3 exd4 7.Bxf7+ Kxf7 8.Ng5+
Kg8 9.Ne6 Qe8 10.Qxd4 Qg6 11.Be3 c5 12.Qd3 a6 13.O-O-O b5 14.Nd5 Qf7 15.Ng5
Qf8 16.e5 dxe5 17.fxe5 Nxe5 18.Nxf6+ gxf6 19.Qd5+ Nf7 20.Nxf7 Qxf7 21.Qxa8 Kg7
22.Kb1 c4 23.Qf3 b4 24.Rhe1 Re8 25.Qg3+ Qg6 26.Qxg6+ hxg6 27.Bc5 Kf7 28.Rxe7+
Rxe7 29.Bxe7 Kxe7 30.Rd4 Be6 31.Kc1 a5 32.c3 g5 33.cxb4 axb4 34.a4 1-0